000 00324nam a2200133Ia 4500
008 240624s9999 xx 000 0 und d
041 _aeng
082 _a823 DEF
100 _aDEFOE DANIEL
245 _aMOLL FLANDERS
260 _c2010
_aNew Delhi
_bHarperCollins
300 _avii, : 324 : p. : cm. ; 18
365 _cRS
_b25
999 _c18631
_d18631